|
|
|
|
| LEADER |
00000nab a2200000 a 4500 |
| 001 |
vtls000734853 |
| 003 |
SK-MaSNL |
| 005 |
20260318124005.0 |
| 008 |
160401c2000 xo 0 ukr |
| 015 |
|
|
|a SNBRB2000/10-25666
|
| 035 |
|
|
|a CLN000086721
|
| 040 |
|
|
|a SNKBUCL
|b slo
|c SNKBUCL
|e AACR2
|
| 041 |
0 |
|
|a ukr
|
| 044 |
|
|
|a xo
|c SK
|
| 080 |
|
|
|a 373.24:37-051:80
|2 1997
|
| 080 |
|
|
|a 323.15(437.6=83=875)
|2 1997
|
| 245 |
0 |
0 |
|a Slidamy nadrukovanoho
|c [avtor] redakcija
|
| 500 |
|
|
|a Stattja mistyť lysta Viddilu škiľnyctva Okružnoho urjadu v Starij Ljubovni nadislanoho redakciji Novoho žyttja
|
| 500 |
|
|
|a Reakcija na stattju Dyskriminacija! - In: Nove žyttja. Roč. 50, č. 19-20 (2000), s. 2.
|
| 650 |
0 |
7 |
|a pedagógovia
|2 SNKPH
|9 18561
|
| 650 |
0 |
7 |
|a materské školy s vyučovacím jazykom ukrajinským
|2 SNK
|9 1339033
|
| 651 |
|
7 |
|a 710
|2 snkbucl
|9 287946
|
| 651 |
|
7 |
|a Slovensko
|2 SNKPHgeo
|9 14231
|
| 655 |
|
7 |
|a články z novín a časopisov
|2 SNK
|9 267496
|
| 773 |
0 |
|
|t Nove žyttja
|g Roč. 50, č. 25-26 (2000), s. 4
|
| 850 |
|
|
|a Slovenská národná knižnica v Martine
|
| 852 |
|
|
|a SNK
|b KIS3GCP
|
| 958 |
|
|
|a UK
|
| 958 |
|
|
|a SK
|
| 958 |
|
|
|a RBX
|
| 999 |
|
|
|c 2717613
|d 2719543
|